| 000 | 00953cam a2200217 4500 | ||
|---|---|---|---|
| 001 | WB3722-14 | ||
| 008 | 000000n2001 000 0 eng u | ||
| 035 | _a(Sirsi) u112968 | ||
| 245 | _aPlanner's vision is to grow buildings in the city | ||
| 260 | _c2001 | ||
| 490 |
_aFinancial Times _v 6 June 2001, 2(1) |
||
| 520 | _aCorporation of London is assembling sites to accommodate many modern occupiers looking for space in the City of London. Companies such as Sony who have announced that they are moving their currency hedging and fund-raising operations to the City reflect the high demand for space there along with very low vacancy rates, currently running at only 2 to 3%. | ||
| 590 | _aWB | ||
| 650 | _aCORPORATION OF LONDON | ||
| 650 | _aOFFICE SPACE | ||
| 650 | _aCITY OF LONDON | ||
| 650 | _aVACANCY RATES | ||
| 650 | _aPLANNING APPLICATIONS | ||
| 690 | _aENVIRONMENTAL AND LAND CONSULTANCY-PLANNING AND DEVELOPMENT | ||
| 942 | _n0 | ||
| 999 |
_c67253 _d67253 |
||